مكتبة جامعة عجلون الوطنية

فهرس بحث المكتبة

Normal view MARC view
  • علم النفس التربوي. التفكير-دراسة وتعليم. التفكير-جوانب نفسية

Entry Topical Term

Number of records used in: 1

001 - CONTROL NUMBER

  • control field: 22361

003 - CONTROL NUMBER IDENTIFIER

  • control field: JO-AjAnu

005 - DATE AND TIME OF LATEST TRANSACTION

  • control field: 20230606073848.0

008 - FIXED-LENGTH DATA ELEMENTS

  • fixed length control field: 230606|| aca||aabn | a|a d

040 ## - CATALOGING SOURCE

  • Original cataloging agency: JO-AjAnu
  • Transcribing agency: JO-AjAnu

150 ## - HEADING--TOPICAL TERM

  • Topical term or geographic name entry element: علم النفس التربوي. التفكير-دراسة وتعليم. التفكير-جوانب نفسية

670 ## - SOURCE DATA FOUND

  • Source citation: Work cat.: (JO-AjAnu)11492: /جمل،محمد جهاد مراجع/ فوزي،مؤيد حسن مترجم مؤلف/Beyer,Barryمؤلف, author 22360, المرجع في تدريس مهارات التفكير (دليل المعلم)=Teaching thinking skills:A Handbook For Secondary School Teachers